Formes de Pays Mélangées N°2 - Statistiques

Statistiques générales
  • Ce quiz a été pris 38 fois
  • Le résultat moyen est 11 sur 24
Statistiques - réponses
Hint Réponse % Correct
Maroc
100%
Islande
73%
Sénégal
70%
Namibie
65%
Pays-Bas
59%
Algérie
54%
Irlande
54%
Venezuela
51%
Mauritanie
49%
Tchad
49%
Cameroun
46%
République du Congo
43%
Soudan
41%
Afghanistan
35%
Afrique du Sud
35%
Bangladesh
35%
Grèce
32%
Sri Lanka
32%
Éthiopie
30%
Zambie
30%
Colombie
27%
Soudan du Sud
24%
Ukraine
24%
Biélorussie
8%
Aucun quiz correspondant
Distribution des résultats
% des personnes avec chaque résultat
Percentile par nombre de réponses
Votre historique - résultats
Vous n’avez pas pris ce quiz